| 000 | 00583pab a2200205 454500 | ||
|---|---|---|---|
| 008 | 180718b2007 xxu||||| |||| 00| 0 eng d | ||
| 100 | _aMoynihan, Donald P. | ||
| 245 | _aFinding workable levers over work motivation: comparing job satisfaction, job involvement, and organizational commitment | ||
| 260 | _c2007 | ||
| 300 | _ap.803-32. | ||
| 362 | _aNov | ||
| 650 | _aOrganizations | ||
| 650 | _aWork culture | ||
| 650 | _aMotivation | ||
| 650 | _aJob satisfaction | ||
| 700 | _aPandey, Sanjay K. | ||
| 773 | _aAdministration and Society | ||
| 908 | _aN | ||
| 909 | _a76505 | ||
| 999 |
_c76505 _d76505 |
||